Ends in Double Vowel Quiz Stats

 Plays Quiz Updated Aug 12, 2015

Challenge
Share
Tweet
Score 0/20 Timer 04:00
0 Plays Today
% Correct
Yahoo!
99.2%
Coffee
99%
Honeybee
98.5%
Igloo
98%
Kangaroo
97.5%
Knee
96.4%
Shampoo
96%
Frisbee
95.3%
Tattoo
94.8%
Bamboo
94.1%
% Correct
Chimpanzee
91%
Goatee
89.7%
Manatee
85.6%
Kazoo
83.9%
Bungee
83.6%
Referee
79%
Zoo
65.4%
Toffee
63.3%
Lychee
46.1%
Muumuu
35.4%

You're not logged in!

Compare scores with friends on all Sporcle quizzes.
OR
Log In

You Might Also Like...

Show Comments

Extras

Top Quizzes Today


Score Distribution

Your Account Isn't Verified!

In order to create a playlist on Sporcle, you need to verify the email address you used during registration. Go to your Sporcle Settings to finish the process.

Report this User

Report this user for behavior that violates our Community Guidelines.

Details: